Enemigos Animales : (Record no. 7389)

000 -CABECERA
fixed length control field 00882nam a22002297a 4500
003 - IDENTIFICADOR DEL NÚMERO DE CONTROL
control field AR-CdUCM
008 - DATOS DE LONGITUD FIJA--INFORMACIÓN GENERAL
fixed length control field 190320b ||||| |||| 00| 0 spa d
040 ## - FUENTE DE LA CATALOGACIÓN
Agencia/entidad que catalogó originalmente la obra MUNICIPALIDAD PROVINCIAL DEL CUSCO
Entidad que transcribió la catalogación BIBLIOTECA MUNICIPAL DEL CUSCO
082 ## - NÚMERO DE LA CLASIFICACIÓN DECIMAL DEWEY
No. de Clasificación 632.7 /
Notacion interna B73
100 ## - ENTRADA PRINCIPAL--NOMBRE DE PERSONA
Nombre Personal Bonnemaison, L.
245 ## - MENCIÓN DE TÍTULO
Título Enemigos Animales :
Resto del título De las plantas cultivadas y forestales /
260 ## - PUBLICACIÓN, DISTRIBUCIÓN, ETC.
Lugar de publicación, distribución, etc. Barcelona :
Nombre de la editorial, distribuidor, etc. Ediciones de Occidente,
Fecha de publicación, distribución, etc. 1965.
300 ## - DESCRIPCIÓN FÍSICA
Nº de Páginas Extensión 3 tomos ;
Otros detalles físicos ilustraciones, tablas, dibujos, graficos
Dimensiones 24 cm.
505 ## - NOTA DE CONTENIDO CON FORMATO
Nota de contenido formateada Contenido: t.2 orden coleopteros -- orden lepidopteros -- t.3 orden dipteros -- himenopteros -- tratamientos generales -- enemigos animales -- materias
650 ## - PUNTO DE ACCESO ADICIONAL DE MATERIA--TÉRMINO DE MATERIA
Descriptor Enemigos
9 (RLIN) 1268
650 ## - PUNTO DE ACCESO ADICIONAL DE MATERIA--TÉRMINO DE MATERIA
Descriptor Animales
9 (RLIN) 917
650 ## - PUNTO DE ACCESO ADICIONAL DE MATERIA--TÉRMINO DE MATERIA
Descriptor Diferentes especies
9 (RLIN) 20827
700 ## - PUNTO DE ACCESO ADICIONAL--NOMBRE DE PERSONA
Nombre Personal guerrera, Francisca
9 (RLIN) 20828
942 ## - ELEMENTOS DE PUNTO DE ACCESO ADICIONAL (KOHA)
Fuente de clasificación
Tipo de item Libros-BMC
945 ## - PROCESAMIENTO DE INFORMACIÓN LOCAL (OCLC)
Catalogador pjha
Holdings
Estado de retiro (separado) Fuente de clasificación o esquema de estanterías Estado dañado Ubicación Sala donde se ubica Nombre de la colección Fecha de adquisición o compra Costo, precio normal en soles Signatura topográfica Código de Barras Última vez visto (Koha) Tipo de ítem (Koha)
No     Sala Ciencias Sala Ciencias Book Cart 2019-03-20 40.00 632.7 / B73 / t.3 SC0000000533 2019-03-20 Libros-BMC
No     Sala Ciencias Sala Ciencias Book Cart 2019-03-20 40.00 632.7 / B73 / t.2 SC0000000534 2019-03-20 Libros-BMC

Powered by Koha